000 00637nam a2200217 i 4500
001 bgj
245 1 0 _aPoetik des Barock /
_chrsg. von Marian Szyrocki.
260 _aMünchen :
_bRowohlt,
_c1968.
300 _a266, [3] s. :
_bil. ;
_c19 cm.
490 1 _aRowohlts Klassiker der Literatur und der Wissenschaft
_vBd. 23
504 _aBibliogr. s. [267].
650 9 _aLiteratura niemiecka
700 1 _aSZYROCKI, Marian.
830 _aRowohlts Klassiker der Literatur und der Wissenschaft
040 _cBPK
041 0 _ager
044 _aDEU
080 _a821.112.2
942 _cKS
008 s gw f |000 0 ger
999 _c50967
_d50967
856 _uhttp://koha.tu.koszalin.pl/cgi-bin/koha/opac-detail.pl?biblionumber=50967
_yKatalog online BPK